[Event "GER M-443 D email"]
[Site "GER email"]
[Date "2008.??.??"]
[Round "?"]
[White "Veithoefer, Guenter"]
[Black "Andresz, Peter"]
[Result "1-0"]
[WhiteElo "2151"]
[BlackElo "1640"]
[PlyCount "89"]
[EventDate "2008.??.??"]
[EventType "tourn (corr)"]
[EventRounds "6"]
[EventCountry "GER"]
[SourceTitle "Corr 2011"]
[Source "ChessBase"]
[SourceDate "2010.08.31"]
[SourceVersion "1"]
[SourceVersionDate "2010.08.31"]
[SourceQuality "1"]

1. e4 e6 2. d3 d5 3. Nd2 c5 4. Ngf3 Nf6 5. g3 Nc6 6. Bg2 Be7 7. 0-0 0-0 8. Re1 b5 9. e5 Nd7 10. Nf1 a5 11. h4 b4 12. Bf4 Bb7 13. Ne3 Nb6 14. h5 h6 15. Ng4 a4 16. a3 Qc7 17. Qd2 Rfc8 18. Bxh6 gxh6 19. Nxh6+ Kg7 20. Ng5 Rf8 21. Qf4 Nd8 22. Nhxf7 Kg8 23. Qg4 Bxg5 24. Nxg5 Qg7 25. h6 Qg6 26. axb4 Rf5 27. f4 cxb4 28. Bh3 Bc8 29. Qh4 Rf8 30. Bg4 Ra7 31. Re2 a3 32. bxa3 bxa3 33. Rf2 d4 34. Bf3 Bb7 35. Bxb7 Rxb7 36. Rxa3 Nd5 37. Ra8 Ne3 38. Rh2 Kh8 39. Ne4 Kh7 40. Qg5 Rb1+ 41. Kf2 Ng4+ 42. Kg2 Qxg5 43. Nxg5+ Kg6 44. Rh4 Nxh6 45. Rxd8 1-0